header

A man of many parts (Record no. 100978)

MARC details
000 -LEADER
fixed length control field 01311nam a2200313Ia 4500
100 1# - MAIN ENTRY--AUTHOR NAME
Personal name Rawlinson, Barbara.
245 12 - TITLE STATEMENT
Title A man of many parts
260 ## - PUBLICATION, DISTRIBUTION, ETC. (IMPRINT)
Place of publication Amsterdam ;
-- New York, NY :
Name of publisher Rodopi,
Year of publication 2006.
300 ## - PHYSICAL DESCRIPTION
Number of Pages xviii, 288 p.
490 1# - SERIES STATEMENT
Series statement Costerus,
650 #0 - SUBJECT ADDED ENTRY--TOPICAL TERM
Topical Term English literature
856 40 - ELECTRONIC LOCATION AND ACCESS
Uniform Resource Identifier http://site.ebrary.com/lib/rucke/Doc?id=10380161

No items available.

© 2026 Rongo University
Contact us: librarian | system librarian | Rongo university